| 000 | 01022nam a22001937a 4500 | ||
|---|---|---|---|
| 999 |
_c61355 _d61355 |
||
| 005 | 20240222160531.0 | ||
| 008 | 240222s2002 gr ||||| |||| 00| 0 ger d | ||
| 020 | _a9992891378 | ||
| 041 | _ager | ||
| 080 | _a811.112.2-8(042.4) G-98 | ||
| 100 |
_aGvenzadse, Msia _921269 |
||
| 245 |
_aEinführung in die Stilistik der deutschen sprache : _bVorlesungsmaterialien und seminar übungen für georgische germanistikstudenten / _cMsia Gvenzadse; რედ. ლალი ქეცბა-ხუნდაძე; ყდის დიზაინი ალექსანდრე ვარვარიძე. |
||
| 264 |
_aTbilisi : _bBakur Sulakauri, _c2002. |
||
| 300 |
_a180 p.; _b24 cm. |
||
| 653 | _aსალექციო მასალა და სემინარის სავარჯიშოები | ||
| 653 | _aგერმანული ენის სტილისტიკა | ||
| 700 |
_aქეცბა-ხუნდაზე, ლალი _eრედაქტორი _921270 |
||
| 942 |
_2udc _cBK |
||